Capitaines Sélection zone UEFA - Statistiques

Statistiques générales
  • Ce quiz a été pris 33 fois
  • Le résultat moyen est 10 sur 37
Statistiques - réponses
Sélection Capitaine % Correct
Portugal Cristiano Ronaldo
90%
Croatie Luka Modric
90%
Pologne Robert Lewandowski
84%
Pays Bas Virgil Van Dijk
84%
Norvège Erling Haaland
81%
Angleterre Harry Kane
81%
Suisse Granit Xhaka
74%
Allemagne Joshua Kimmich
71%
Bosnie Edin Dzeko
68%
Ecosse Andrew Robertson
61%
Serbie Aleksandar Mitrovic
52%
Hongrie Dominik Szoboszlai
42%
Turquie Hakan Calhanoglu
19%
Slovaquie Milan Skriniar
19%
Tchéquie Tomas Soucek
19%
Albanie Elseid Hysaj
16%
Danemark Pierre-Emile Hojbjerg
16%
Macédoine Enis Bardhi
13%
Roumanie Nicolae Stanciu
10%
Islande Johann Berg Gudmundsson
6%
Monténégro Stevan Jovetic
6%
Kosovo Amir Rrahmani
3%
Grèce Anastasios Bakasetas
3%
Géorgie Guram Kashia
3%
Gibraltar Liam Walker
3%
Ukraine Mykola Matvienko
3%
Biélorussie Aleksandr Martynovich
0%
Kazakhstan Ashkat Tagybergen
0%
Azerbaidjan Emin Mahmudov
0%
Estonie Karol Mets
0%
Bulgarie Kiril Despodov
0%
Lettonie Kristers Tobers
0%
Luxembourg Laurent Jans
0%
Liechtenstein Nicolas Hasler
0%
Moldavie Vadim Rata
0%
Arménie Varazdat Haroyan
0%
Iles Féroé Viljormur Davidsen
0%
Aucun quiz correspondant
Distribution des résultats
% des personnes avec chaque résultat
Percentile par nombre de réponses
Votre historique - résultats
Vous n’avez pas pris ce quiz